Nommer la bonne station du métro parisien - Statistiques

Statistiques générales
  • Ce quiz a été pris 439 fois
  • Le résultat moyen est 4 sur 15
Statistiques - réponses
Hint Réponse % Correct
Avec 30 mètres de profondeur, c'est la station la plus profonde du réseau Abbesses
68%
C'est la station la plus récente qui porte seulement le prénom d'une femme Barbara
57%
Cette station possède une copie conforme pour des tournages de films ou de pubs Porte des Lilas
46%
Cette station au nom de fleuve est suspendue sur des piliers de 35 mètres de haut Danube
38%
C'est la moins fréquentée du réseau Église d'Auteuil
38%
C'est la station en banlieue la plus fréquentée La Défense
36%
Cette station est la seule qui soit en correspondance avec un transilien et qui ne soit pas une grande gare Pont Cardinet
30%
Elle a fusionné avec l'ancienne station Martin Nadaud Gambetta
26%
Fermée pendant 49 ans, elle a été rouverte pour une correspondance avec le RER B et C Cluny - La Sorbonne
23%
Autrefois nommée "Berlin", elle est l'une des deux seules stations dont les quais sont décalés Liège
23%
Cette station de la ligne 13 est très proche d'un futur pôle multimodal du grand paris express Carrefour Pleyel
22%
Signifiant "puits du sage", elle est aussi une bataille importante de la 2nd guerre mondiale Bir Hakeim
18%
C'est la seule station du boulevard des maréchaux à ne pas s'appeler "porte de..." Balard
13%
C'est la station en banlieue la moins fréquentée Pierre et Marie Curie
5%
Cette station de la rive gauche s'est transformée en abri anti-aérien en 1935 Maison Blanche
3%
Aucun quiz correspondant
Distribution des résultats
% des personnes avec chaque résultat
Percentile par nombre de réponses
Votre historique - résultats
Vous n’avez pas pris ce quiz